|
|
|
|
| LEADER |
01789cam a2200301 a 4500 |
| 001 |
GR-Patra14460 |
| 003 |
GR-PaULI |
| 008 |
020219m1997 gr b e 001 0 gre|c |
| 020 |
|
|
|a 960717190X
|
| 040 |
|
|
|a GrPaTEI
|b gre
|c GR-PaULI
|
| 082 |
0 |
4 |
|a 938.388
|
| 082 |
0 |
4 |
|a 949.504
|2 22
|
| 100 |
1 |
|
|a Schlumberger, Gustave Léon,
|d 1844-1929
|
| 245 |
1 |
0 |
|a Κωνσταντίνος Παλαιολόγος :
|b πολιορκία και άλωσις Κωνσταντινουπόλεως /
|c Γουσταύου Σλουμπερζέ ; μετάφραση στην καθαρεύουσα Σπύρ. Π. Λάμπρου ; απόδοση στη Νέα Ελληνική Ιωάννης Α. Μελισσείδης, Ρίτα Ζαβολέα-Μελισσείδου.
|
| 260 |
|
|
|a Αθήνα :
|b Εκδόσεις Βεργίνα,
|c 1997.
|
| 300 |
|
|
|a 2 τ. :
|b χάρτης ;
|c 24 εκ.
|
| 500 |
|
|
|a Ποικίλες ανατυπώσεις.
|
| 504 |
|
|
|a Βιβλιογραφία: σ. 387-391.
|
| 600 |
0 |
7 |
|a Κωνσταντίνος
|b Παλαιολόγος ΙΑ'
|c Αυτοκράτορας του Βυζαντίου
|d 1405-1453.
|2 nlgaf
|
| 651 |
|
7 |
|a Ελλάδα
|x Ιστορία
|y 1453-1832.
|2 lcsh/gre
|
| 651 |
|
7 |
|a Κωνσταντινούπολη
|x Ιστορία.
|2 lcsh/gre
|
| 700 |
1 |
|
|a Ζαβολέα-Μελισσείδου, Ρίτα
|e μεταφράστρια.
|
| 700 |
1 |
|
|a Λάμπρος, Σπυρίδων Π.,
|d 1851-1919,
|e μεταφραστής.
|
| 700 |
1 |
|
|a Μελισσείδης, Ιωάννης Α.
|e μεταφραστής.
|
| 942 |
|
|
|2 ddc
|
| 952 |
|
|
|0 0
|1 0
|2 ddc
|4 0
|6 938_388000000000000_SCH
|7 0
|9 293487
|a LISK
|b LISK
|c BSC
|d 2021-01-17
|e 24
|f 0
|g 0.00
|l 0
|o 938.388 SCH
|p 92410019322
|r 2021-01-17 00:00:00
|t 1
|w 2021-01-17
|y BK15
|x 20020219 0 1
|x GrPaTEI
|
| 971 |
|
|
|a .b26619751
|b 23-10-20
|c 23-09-16
|
| 999 |
|
|
|c 171527
|d 171527
|